000
00198nam a22000977a 4500
003
SGT
245
_a
THE JOURNAL OF PATHOLOGY
260
_b
LONDON WILEY INTER
_c
2003
300
_a
541
942
_2
ddc
_c
BV
999
_c
19210
_d
19210